000 00889nam a2200229 i 4500
001 124916
003 ES-MaACL
005 20230906192524.0
007 t|
008 070424s1919 sp |||| | spa d
100 1 _aJordana y Mompeón, Jorge.
_966935
245 1 0 _aAplicación del seguro de vejez a los obreros del campo /
_cponencia de Jorge Jordana.
260 _aMadrid :
_b[s.n.],
_c1919 (
_fSobrinos de la Suc. de M. Minuesa de los Ríos)
300 _a12 p. ;
_c22 cm.
490 1 _aPublicaciones del Instituto Nacional de Previsión ;
_v79
594 _aPrecede al tít.: Régimen de intensificación de retiros obreros.
650 0 4 _aPensiones de jubilación.
_915924
710 2 _aInstituto Nacional de Previsión (España)
_95180
830 0 _aPublicaciones del Instituto Nacional de Previsión ;
_v79
_9181151
852 _aES-MaACL
_jC-12646(2)
999 _c124916
_d124916